<?xml version="1.0" encoding="UTF-8"?>
<collection xmlns="http://www.loc.gov/MARC21/slim">
 <record>
  <leader>00448pamaa2200157   4500</leader>
  <controlfield tag="001">0000013085</controlfield>
  <controlfield tag="005">20061214090000.0</controlfield>
  <datafield tag="020" ind1="0" ind2="0">
   <subfield code="a">185326184X </subfield>
  </datafield>
  <datafield tag="090" ind1="0" ind2="0">
   <subfield code="a">PR5815 </subfield>
   <subfield code="b">WIL 1997</subfield>
  </datafield>
  <datafield tag="100" ind1="1" ind2="0">
   <subfield code="a">WILDE </subfield>
  </datafield>
  <datafield tag="245" ind1="0" ind2="4">
   <subfield code="a">The plays of Oscar Wilde : </subfield>
   <subfield code="b">volume 1  </subfield>
   <subfield code="c">Oscar Wilde.</subfield>
  </datafield>
  <datafield tag="260" ind1="0" ind2="0">
   <subfield code="a">Hertfordshire: </subfield>
   <subfield code="b">Wordsworth Classic, </subfield>
   <subfield code="c">1997.</subfield>
  </datafield>
  <datafield tag="300" ind1=" " ind2=" ">
   <subfield code="a">125p.; </subfield>
   <subfield code="c">20cm.</subfield>
  </datafield>
  <datafield tag="600" ind1="0" ind2="0">
   <subfield code="a">Oscar, </subfield>
   <subfield code="h">Wilde</subfield>
  </datafield>
  <datafield tag="650" ind1="0" ind2="0">
   <subfield code="a">Fiction </subfield>
  </datafield>
  <datafield tag="745" ind1="0" ind2="0">
   <subfield code="a">Lady windermere's fan and A woman of no importance</subfield>
  </datafield>
 </record>
</collection>
